World's Largest Companies - 2016-2025 - Statistics

General Stats
  • This quiz has been taken 14 times
  • The average score is 64 of 100
Answer Stats
Year Rank Company % Correct
2025 5 Amazon
100%
2024 5 Amazon
100%
2023 4 Amazon
100%
2022 4 Amazon
100%
2021 4 Amazon
100%
2020 3 Amazon
100%
2019 4 Amazon
100%
2018 3 Amazon
100%
2017 4 Amazon
100%
2016 6 Amazon
100%
2025 4 Microsoft
100%
2024 3 Microsoft
100%
2023 2 Microsoft
100%
2022 2 Microsoft
100%
2021 2 Microsoft
100%
2020 2 Microsoft
100%
2019 2 Microsoft
100%
2018 1 Microsoft
100%
2017 3 Microsoft
100%
2016 3 Microsoft
100%
2025 2 Apple
92%
2024 1 Apple
92%
2023 1 Apple
92%
2022 1 Apple
92%
2021 1 Apple
92%
2020 1 Apple
92%
2019 1 Apple
92%
2018 2 Apple
92%
2017 1 Apple
92%
2016 1 Apple
92%
2020 5 Facebook
92%
2019 5 Facebook
92%
2018 6 Facebook
92%
2017 5 Facebook
92%
2016 7 Facebook
92%
2025 6 Meta Platforms
85%
2024 6 Meta Platforms
85%
2023 6 Meta Platforms
85%
2021 6 Meta Platforms
85%
2025 1 NVIDIA
85%
2024 2 NVIDIA
85%
2023 5 NVIDIA
85%
2021 7 NVIDIA
85%
2025 8 Tesla
85%
2024 7 Tesla
85%
2023 7 Tesla
85%
2021 5 Tesla
85%
2020 6 Tesla
85%
2025 3 Alphabet
77%
2024 4 Alphabet
77%
2023 3 Alphabet
77%
2022 3 Alphabet
77%
2021 3 Alphabet
77%
2020 4 Alphabet
77%
2019 3 Alphabet
77%
2018 4 Alphabet
77%
2017 2 Alphabet
77%
2016 2 Alphabet
77%
2024 10 Walmart
62%
2020 10 Walmart
62%
2019 10 Walmart
62%
2022 8 Exxon Mobil
54%
2018 10 Exxon Mobil
54%
2017 9 Exxon Mobil
54%
2016 5 Exxon Mobil
54%
2017 10 Bank of America
31%
2025 7 Broadcom
31%
2024 8 Broadcom
31%
2022 10 JPMorgan Chase
31%
2021 10 JPMorgan Chase
31%
2019 7 JPMorgan Chase
31%
2018 8 JPMorgan Chase
31%
2017 8 JPMorgan Chase
31%
2016 9 JPMorgan Chase
31%
2025 9 Berkshire Hathaway
23%
2024 9 Berkshire Hathaway
23%
2023 8 Berkshire Hathaway
23%
2022 5 Berkshire Hathaway
23%
2021 8 Berkshire Hathaway
23%
2020 7 Berkshire Hathaway
23%
2019 6 Berkshire Hathaway
23%
2018 5 Berkshire Hathaway
23%
2017 6 Berkshire Hathaway
23%
2016 4 Berkshire Hathaway
23%
2022 7 Johnson & Johnson
23%
2020 9 Johnson & Johnson
23%
2019 9 Johnson & Johnson
23%
2018 7 Johnson & Johnson
23%
2017 7 Johnson & Johnson
23%
2016 8 Johnson & Johnson
23%
2023 10 Visa
15%
2022 9 Visa
15%
2020 8 Visa
15%
2019 8 Visa
15%
2018 9 Visa
15%
2016 10 Wells Fargo
15%
2025 10 Eli Lilly
8%
2023 9 Eli Lilly
8%
2022 6 UnitedHealth Group
8%
2021 9 UnitedHealth Group
8%
No matching quizzes found
Score Distribution
Percent of People with Each Score
Percentile by Number Answered
Your Score History
You have not taken this quiz